| 000 | 01177nam2a22002531 4500 | ||
|---|---|---|---|
| 001 | RU\NLR\INFOCOMM6\5000007044 | ||
| 005 | 20250617020157.0 | ||
| 035 | _a(NLR Aleph) 002362169 | ||
| 090 |
_a4545912 _c4545912 |
||
| 100 | _a20041129d1956 |||y0rusy50 ca | ||
| 101 | 0 | _arus | |
| 102 | _aRU | ||
| 105 | _ay ||||000|y | ||
| 200 | 1 |
_aО заготовке и использовании камыша в строительстве совхозов _fБ. Ковлер |
|
| 210 |
_d1956 _aБ. м. |
||
| 461 | 0 |
_1001RU\NLR\INFOCOMM6\5000007041 _12001#$aИнформационный листок$fМ-во совхозов СССР. Глав. упр. капитального строительства$v№1 _94545906 _aСССР. Министерство совхозов _cМ. _d1956 _fМ-во совхозов СССР. Глав. упр. капитального строительства _nИзд-во М-ва совхозов СССР _tИнформационный листок _v№1 |
|
| 700 | 1 |
_aКовлер _bБ. _4070 |
|
| 801 | 1 |
_aRU _bInfoComm _c20041129 |
|
| 801 | 0 |
_aRU _bNLR _gPSBO |
|
| 852 |
_aNLR _jП10/1537 |
||
| 942 | _cISSUE | ||
| 980 | _aNB | ||
| 980 | _aRUSPER | ||